Electronic devices and circuits (Volume-III) (Record no. 12600)
[ view plain ]
| 000 -LEADER | |
|---|---|
| fixed length control field | 00416nam a22001457a 4500 |
| 020 ## - INTERNATIONAL STANDARD BOOK NUMBER | |
| International Standard Book Number | - |
| 082 ## - DEWEY DECIMAL CLASSIFICATION NUMBER | |
| Classification number | 621.3815 ANA |
| 100 ## - MAIN ENTRY--PERSONAL NAME | |
| Personal name | Anand, M.L. |
| 245 ## - TITLE STATEMENT | |
| Title | Electronic devices and circuits (Volume-III) |
| 260 ## - PUBLICATION, DISTRIBUTION, ETC. | |
| Place of publication, distribution, etc. | New Delhi, India |
| Name of publisher, distributor, etc. | S.K. Kataria & Sons |
| Date of publication, distribution, etc. | 2011 |
| 300 ## - PHYSICAL DESCRIPTION | |
| Extent | vi, 386 p. |
| Other physical details | ill. ; |
| 500 ## - GENERAL NOTE | |
| General note | Includes index. |
| 650 ## - SUBJECT ADDED ENTRY--TOPICAL TERM | |
| Topical term or geographic name entry element | 1. Electronic circuits. 2. Electronic apparatus and appliances. |
| 942 ## - ADDED ENTRY ELEMENTS (KOHA) | |
| Koha item type | Book |
| Withdrawn status | Lost status | Damaged status | Not for loan | Collection code | Permanent Location | Current Location | Shelving location | Date acquired | Source of acquisition | Cost, normal purchase price | Total Checkouts | Full call number | Barcode | Date last seen | Price effective from | Koha item type |
|---|---|---|---|---|---|---|---|---|---|---|---|---|---|---|---|---|
| Central Library (CL) | Central Library (CL) | General Stacks | 12/27/2013 | Allied Book Company | 235.44 | 621.3815 ANA | SEECS013022 | 01/11/2014 | 01/11/2014 | Book |
